Languages of South America Quiz Stats

 Plays Quiz Updated Oct 24, 2018

Score 0/8 Timer 02:00
0 Plays Today
Language % Correct
Spanish
99.5%
English
91.9%
French
88.8%
Portuguese
87.4%
Dutch
47.4%
Quechua
14.7%
Guarani
7.3%
Aymara
5.8%

You're not logged in!

Compare scores with friends on all Sporcle quizzes.
OR
Log In

Sporcle TV

Today on Sporcle TV


Watch our educational content, quiz creation guides, and fun videos on Sporcle TV.

Show Comments

Extras

Top Quizzes Today


Score Distribution

Your Account Isn't Verified!

In order to create a playlist on Sporcle, you need to verify the email address you used during registration. Go to your Sporcle Settings to finish the process.

Report this User

Report this user for behavior that violates our Community Guidelines.

Details: